[Event "Who's up for some Caro-Kann??"]
[Site "SchemingMind.com"]
[Date "2005.10.28"]
[Round "-"]
[White "Louis Lima"]
[Black "Toivop"]
[Result "0-1"]
[WhiteCountry "ESP"]
[BlackCountry "EST"]
[WhiteElo "1717"]
[WhiteRD "56"]
[BlackElo "1809"]
[BlackRD "91"]
[GameID "28772"]

1. e4 c6 2. d4 d5 3. Nc3 dxe4 4. Nxe4 Nd7 5. Qe2 Ndf6 6. c3 Bg4 7. f3 Bf5 8. Bf4 e6 9. g4 Bg6 10. h4 h6
11. h5 Bh7 12. Nh3 Nd5 13. Bg3 Be7 14. Qd2 Ngf6 15. Bd3 O-O 16. Nxf6+ Bxf6 17. Bxh7+ Kxh7 18. f4 Bh4 19. Qf2 Bxg3 20. Qxg3 Qb6
21. O-O-O a5 22. g5 Kh8 23. gxh6 gxh6 24. Qd3 Rg8 25. f5 Rg2 26. Rd2 Rag8 27. fxe6 fxe6 28. Rf1 Qb5 29. Qxb5 cxb5 30. Rff2 Rxf2
31. Rxf2 Kh7 32. Rf7+ Rg7 33. Rxg7+ Kxg7 34. Kd2 b4 35. c4= Nb6 36. b3 Kf6 37. Ke3 e5 38. d5 Kf5 39. Nf2 Nd7 40. Ne4 Kg4
41. Nd6 b6 42. Ke4 Kxh5 43. Nc8 Kg5 44. Nxb6 Nxb6 45. c5 Nd7 46. c6 Kf6
0-1

[Event "Who's up for some Caro-Kann??"]
[Site "SchemingMind.com"]
[Date "2005.10.28"]
[Round "-"]
[White "Gary"]
[Black "Louis Lima"]
[Result "0-1"]
[WhiteCountry "ENG"]
[BlackCountry "ESP"]
[WhiteElo "1523"]
[WhiteRD "64"]
[BlackElo "1667"]
[BlackRD "52"]
[GameID "28773"]

1. e4 c6 2. d4 d5 3. Nc3 dxe4 4. Nxe4 Nd7 5. Nf3 Ngf6 6. Nxf6+ Nxf6 7. Bc4 Bf5 8. O-O e6 9. Bg5 Be7 10. Re1 Qb6
11. Bb3 O-O 12. Ne5 Rad8 13. c3 c5 14. Be3 cxd4 15. Bxd4 Qc7 16. Qe2 Bd6 17. f4 Ne4 18. Bc2 Ng3 19. hxg3 Bxe5 20. Bxe5 Qb6+
21. Kf1 Qxb2 22. Bb3 Bd3
0-1

[Event "Who's up for some Caro-Kann??"]
[Site "SchemingMind.com"]
[Date "2005.10.31"]
[Round "-"]
[White "Oskyrain"]
[Black "Louis Lima"]
[Result "1-0"]
[WhiteCountry "ARG"]
[BlackCountry "ESP"]
[WhiteElo "2110"]
[WhiteRD "71"]
[BlackElo "1717"]
[BlackRD "56"]
[GameID "28774"]

1. e4 c6 2. d4 d5 3. e5 Bf5 4. Nd2 e6 5. c4 Nd7 6. Ngf3 Ne7 7. Be2 dxc4 8. Nxc4 Nd5 9. O-O Be7 10. Ne3 Nxe3
11. fxe3 Nb6 12. a4 Nd5 13. Bc4 O-O 14. b3 a6 15. Qe2 Nc3 16. Qe1 Bb4 17. Bd2 Qa5 18. Rc1 Na2 19. Bxb4 Nxb4 20. Nh4 Be4
21. Rf4 Bd5 22. e4
1-0

[Event "Who's up for some Caro-Kann??"]
[Site "SchemingMind.com"]
[Date "2005.10.28"]
[Round "-"]
[White "Aumonde"]
[Black "Louis Lima"]
[Result "1-0"]
[WhiteCountry "USA"]
[BlackCountry "ESP"]
[WhiteElo "2145"]
[WhiteRD "64"]
[BlackElo "1717"]
[BlackRD "56"]
[GameID "28775"]

1. e4 c6 2. d4 d5 3. Nd2 dxe4 4. Nxe4 Nd7 5. Bc4 Ngf6 6. Nxf6+ Nxf6 7. Nf3 Bf5 8. O-O e6 9. Bd3 Bxd3= 10. Qxd3 Be7
11. Bg5 Qb6 12. a4 Rd8 13. a5 Qc7 14. a6 b6 15. Rfe1 c5 16. Qb5+ Qd7 17. Qe2 cxd4 18. Red1 O-O 19. Rxd4 Qc8 20. Rc4 Qd7
21. Re1 Ng4 22. Bxe7 Qxe7 23. Rxg4
1-0

[Event "Who's up for some Caro-Kann??"]
[Site "SchemingMind.com"]
[Date "2005.10.28"]
[Round "-"]
[White "paddyBosnian"]
[Black "Louis Lima"]
[Result "1/2-1/2"]
[WhiteCountry "BIH"]
[BlackCountry "ESP"]
[WhiteElo "1818"]
[WhiteRD "79"]
[BlackElo "1717"]
[BlackRD "56"]
[GameID "28776"]

1. e4 c6 2. d4 d5 3. Nc3 dxe4 4. Nxe4 Nd7 5. Bc4 Ngf6 6. Ng5 e6 7. Qe2 Nb6 8. Bd3 h6 9. N5f3 c5 10. dxc5 Bxc5
11. Ne5 O-O 12. Ngf3 Nbd7 13. O-O b6 14. Bd2 Bb7 15. Rad1 Nxe5 16. Nxe5 Qd5 17. Nf3 Qh5 18. Bc3 Bxf3 19. Qxf3 Qxf3 20. gxf3 Nd5
21. Bd2 Nb4 22. Be4 Rad8 23. Bxb4 Bxb4 24. c3 Bc5 25. Bc2 Rd6= 26. Rxd6 Bxd6 27. Rd1=
1/2-1/2

[Event "Who's up for some Caro-Kann??"]
[Site "SchemingMind.com"]
[Date "2005.10.28"]
[Round "-"]
[White "mmilano"]
[Black "Louis Lima"]
[Result "1-0"]
[WhiteCountry "VEN"]
[BlackCountry "ESP"]
[WhiteElo "1935"]
[WhiteRD "91"]
[BlackElo "1688"]
[BlackRD "59"]
[GameID "28777"]

1. e4 c6 2. d4 d5 3. Nc3 dxe4 4. Nxe4 Nd7 5. Bd3 Ngf6 6. Ng5 e6 7. N1f3 Bd6 8. Qe2 h6 9. Ne4 Nxe4 10. Qxe4 Nf6
11. Qh4 b6 12. Bd2 Bb7 13. O-O-O Nd5 14. Qg4 Qf6 15. Rhe1 O-O-O 16. Kb1 Nb4 17. Bxb4 Bxb4 18. c3 Bd6 19. Re2 h5 20. Qh3 g5
21. Ne5 Bxe5= 22. Rxe5 g4 23. Qe3 Rd5 24. Rxd5 cxd5 25. Rf1 Qh6 26. Qxh6 Rxh6 27. f3 f5 28. Kc2 Kc7 29. Kd2 Kc6 30. Ke3 Kd6
31. Kf4 Rg6 32. g3 Bc8 33. Rh1 Bd7 34. h3 Rg7 35. hxg4 hxg4 36. Rh6 gxf3 37. Kxf3 Ke7 38. Rh8 Be8 39. Rh6 Kf7 40. c4 dxc4
41. Bxc4 Bc6+ 42. Kf2
1-0

[Event "Who's up for some Caro-Kann??"]
[Site "SchemingMind.com"]
[Date "2005.10.28"]
[Round "-"]
[White "carosoko"]
[Black "Louis Lima"]
[Result "0-1"]
[WhiteCountry "BEL"]
[BlackCountry "ESP"]
[WhiteElo "1271"]
[WhiteRD "178"]
[BlackElo "1667"]
[BlackRD "52"]
[GameID "28778"]

1. e4 c6 2. d4 d5 3. Nd2 dxe4 4. Nxe4 Nd7 5. Ng5 Ngf6 6. Bd3 e6 7. N1f3 Bd6 8. O-O h6 9. Nh3 Qc7 10. Re1 g5
11. Ne5 Nxe5 12. dxe5 Bxe5 13. f3 Bxh2+ 14. Kh1 Bg3 15. Qe2 Nh5 16. Bxg5 hxg5 17. Rad1 Bxe1 18. Qxe1 Nf4 19. Qg3 f6
0-1

[Event "Who's up for some Caro-Kann??"]
[Site "SchemingMind.com"]
[Date "2005.11.08"]
[Round "-"]
[White "Nestore"]
[Black "Louis Lima"]
[Result "1-0"]
[WhiteCountry "ITA"]
[BlackCountry "ESP"]
[WhiteElo "1658"]
[WhiteRD "153"]
[BlackElo "1717"]
[BlackRD "56"]
[GameID "28779"]

1. e4 c6 2. d4 d5 3. e5 Bf5 4. c4 e6 5. Nf3 Bxb1 6. Rxb1 Qa5+ 7. Bd2 Qxa2 8. Qc2 a5 9. Be2 a4 10. O-O Qb3
11. Qxb3 axb3 12. Bd1 dxc4 13. Be2 b5 14. Ra1 Rxa1 15. Rxa1 Kd8 16. Ng5 Nh6 17. Ra8 Kc8 18. Bf3 Kb7 19. Ra5 Be7 20. Ne4 Nf5
21. g4 Nxd4 22. Bg2 Na6 23. Ng5 Bxg5 24. Bxg5 Nc5 25. Be3 Rd8 26. Bxd4 Rxd4 27. Rxb5+ Ka6 28. Rxc5 Rd2 29. Rxc4 Rxb2 30. Bxc6 Rc2
31. Ra4+ Kb6 32. Be4 Kb5 33. Ra7 Ra2 34. Rb7+ Kc4 35. Bxh7 Ra5 36. Rxf7
1-0

[Event "Who's up for some Caro-Kann??"]
[Site "SchemingMind.com"]
[Date "2005.10.28"]
[Round "-"]
[White "Toivop"]
[Black "Louis Lima"]
[Result "1/2-1/2"]
[WhiteCountry "EST"]
[BlackCountry "ESP"]
[WhiteElo "1809"]
[WhiteRD "91"]
[BlackElo "1717"]
[BlackRD "56"]
[GameID "28780"]

1. e4 c6 2. d4 d5 3. e5 Bf5 4. Bd3 Bxd3 5. Qxd3 e6 6. Nf3 Qa5+ 7. c3 Qa6 8. Qxa6 Nxa6 9. O-O c5 10. Bg5 Ne7
11. Nbd2 Nc6 12. Rfd1 cxd4 13. cxd4 Be7 14. Bxe7 Kxe7 15. Nb3 Rac8 16. a3 Rc7 17. Rac1 Rhc8 18. Re1 Nd8 19. Rxc7+ Rxc7 20. Re2 Rc6
21. g4 Nc7 22. Kg2 b6 23. Na1 a5 24. Nc2 b5 25. Ne3 b4 26. Kg3 bxa3 27. bxa3 Rc3 28. Rc2 Rxc2 29. Nxc2 Nb5 30. h4 Nc6
31. h5 Nc3 32. Kf4 Ne4 33. Ng5 Nxg5= 34. Kxg5 h6+ 35. Kf4 Kd7 36. Ke3 Kc7 37. a4 Kb6 38. f4 Nb4 39. Na1 Na2 40. Nb3 Nb4
41. f5 Nc6 42. fxe6 fxe6 43. Nc5 Nd8 44. Kd2 Kc7=
1/2-1/2

[Event "Who's up for some Caro-Kann??"]
[Site "SchemingMind.com"]
[Date "2005.10.28"]
[Round "-"]
[White "doodledandy"]
[Black "Gary"]
[Result "1-0"]
[WhiteCountry "CAN"]
[BlackCountry "ENG"]
[WhiteElo "2352"]
[WhiteRD "64"]
[BlackElo "1523"]
[BlackRD "64"]
[GameID "28788"]

1. e4 c6 2. d4 d5 3. Nc3 dxe4 4. Nxe4 Nf6 5. Nxf6+ gxf6 6. c3 Bg7 7. Bc4 Nd7 8. Qg4 Rg8 9. Qh5 e6 10. Qxh7 Ke7
11. Nf3 Nb6 12. Bd3 f5 13. Bg5+ Bf6 14. Bxf6+ Kxf6 15. Ne5 Nd7 16. Qxf7+
1-0

[Event "Who's up for some Caro-Kann??"]
[Site "SchemingMind.com"]
[Date "2005.10.28"]
[Round "-"]
[White "doodledandy"]
[Black "Oskyrain"]
[Result "1-0"]
[WhiteCountry "CAN"]
[BlackCountry "ARG"]
[WhiteElo "2301"]
[WhiteRD "65"]
[BlackElo "2110"]
[BlackRD "71"]
[GameID "28789"]

1. e4 c6 2. d4 d5 3. Nc3 dxe4 4. Nxe4 Nd7 5. Ng5 Ngf6 6. Bd3 e5 7. Qe2 Bb4+ 8. c3 Be7 9. N1f3 exd4 10. O-O dxc3
11. Nxf7 Kxf7 12. Ng5+ Ke8 13. Ne6 Qa5 14. Nxg7+ Kf8 15. Re1 Bd6 16. Bh6 Be5 17. f4 cxb2 18. Rad1 b1=Q 19. Bxb1 Qc5+ 20. Kh1 Kf7
21. fxe5 Nxe5 22. Qxe5 Qxe5 23. Rxe5 b6 24. Bc2 Bg4 25. Rf1 Rhd8 26. h3
1-0

[Event "Who's up for some Caro-Kann??"]
[Site "SchemingMind.com"]
[Date "2005.10.28"]
[Round "-"]
[White "doodledandy"]
[Black "Aumonde"]
[Result "1-0"]
[WhiteCountry "CAN"]
[BlackCountry "USA"]
[WhiteElo "2184"]
[WhiteRD "77"]
[BlackElo "2123"]
[BlackRD "76"]
[GameID "28790"]

1. e4 c6 2. d4 d5 3. Nc3 dxe4 4. Nxe4 Nd7 5. Ng5 Ndf6 6. N1f3 h6 7. Nxf7 Kxf7 8. Ne5+ Ke6 9. Bc4+ Nd5 10. Qg4+ Kd6
11. Nf7+
1-0

[Event "Who's up for some Caro-Kann??"]
[Site "SchemingMind.com"]
[Date "2005.10.28"]
[Round "-"]
[White "doodledandy"]
[Black "paddyBosnian"]
[Result "1-0"]
[WhiteCountry "CAN"]
[BlackCountry "BIH"]
[WhiteElo "2224"]
[WhiteRD "69"]
[BlackElo "1823"]
[BlackRD "77"]
[GameID "28791"]

1. e4 c6 2. d4 d5 3. Nc3 dxe4 4. Nxe4 Nd7 5. Ng5 Ngf6 6. Bd3 e6 7. N1f3 Bd6 8. Qe2 h6 9. Ne4 Nxe4 10. Qxe4 Nf6
11. Qe2 Qc7 12. Bd2 b6 13. O-O-O Bb7 14. Ne5 Bxe5 15. dxe5 Nd7 16. Rhe1 O-O-O 17. f4 Nc5 18. Bc4 b5 19. Qe3 bxc4 20. Qxc5 Rd5
21. Qxa7 Rhd8 22. Bb4 c5 23. Rxd5 Bxd5 24. Qxc7+ Kxc7 25. Ba5+ Kc8 26. Bxd8 Kxd8 27. c3 f6 28. exf6 gxf6 29. g4 Ke7 30. a4 Kd6
31. Kd2 Bf3 32. Rg1 Kc6 33. Ke3 Bd5 34. g5 hxg5 35. fxg5 fxg5 36. Rxg5 Kb6 37. Rxd5 exd5 38. h4
1-0

[Event "Who's up for some Caro-Kann??"]
[Site "SchemingMind.com"]
[Date "2005.10.28"]
[Round "-"]
[White "doodledandy"]
[Black "Louis Lima"]
[Result "1-0"]
[WhiteCountry "CAN"]
[BlackCountry "ESP"]
[WhiteElo "2301"]
[WhiteRD "65"]
[BlackElo "1717"]
[BlackRD "56"]
[GameID "28792"]

1. e4 c6 2. d4 d5 3. Nc3 dxe4 4. Nxe4 Nd7 5. Ng5 Ngf6 6. Bd3 e6 7. N1f3 Bd6 8. Qe2 h6 9. Ne4 Nxe4 10. Qxe4 Nf6
11. Qe2 Qc7 12. Bd2 Bd7 13. Ne5 O-O 14. Bf4 Nd5 15. Bg3 f5 16. O-O-O f4 17. Bh4 Bxe5 18. dxe5 Nb4 19. Be7 Nxd3+ 20. Rxd3 Rf7
21. Bd6 Qa5 22. Kb1 c5 23. Rc3 b6 24. Qe4 Rc8 25. Qg6 Rf5 26. h4 Be8 27. Qxe6+
1-0

[Event "Who's up for some Caro-Kann??"]
[Site "SchemingMind.com"]
[Date "2005.10.28"]
[Round "-"]
[White "doodledandy"]
[Black "mmilano"]
[Result "1/2-1/2"]
[WhiteCountry "CAN"]
[BlackCountry "VEN"]
[WhiteElo "2388"]
[WhiteRD "68"]
[BlackElo "1940"]
[BlackRD "89"]
[GameID "28793"]

1. e4 c6 2. d4 d5 3. Nc3 dxe4 4. Nxe4 Bf5 5. Ng3 Bg6 6. h4 h6 7. Nf3 Nf6 8. h5 Bh7 9. Bd3 Bxd3 10. Qxd3 e6
11. Bd2 Nbd7 12. O-O-O Qc7 13. Qe2 O-O-O 14. Ne5 Nb6 15. Ba5 Rd5 16. Bxb6 axb6 17. c4 Rd8 18. Ne4 Nxe4 19. Qxe4 Bd6 20. Rhe1 Bxe5
21. dxe5 Rxd1+ 22. Rxd1 Rd8 23. a3 Qe7 24. Qf4 b5 25. Rxd8+ Kxd8 26. cxb5 Qc5+ 27. Kd2 Qxb5 28. Qd4+ Ke8 29. b4 f6 30. exf6 Qg5+
31. Kd3 gxf6 32. Qd6 Qf5+ 33. Kc3 Qxf2 34. Qxe6+ Kd8 35. Qd6+ Kc8 36. Qf8+ Kd7 37. Qxh6 Ke6 38. Qd2 Qg3+ 39. Kc2 Qxa3 40. Qe2+ Kf5
41. g4+ Kg5 42. Qe4 Qa2+ 43. Kc3 Qa3+ 44. Kd2 Qb2+ 45. Ke3=
1/2-1/2

[Event "Who's up for some Caro-Kann??"]
[Site "SchemingMind.com"]
[Date "2005.10.28"]
[Round "-"]
[White "doodledandy"]
[Black "carosoko"]
[Result "1-0"]
[WhiteCountry "CAN"]
[BlackCountry "BEL"]
[WhiteElo "2352"]
[WhiteRD "64"]
[BlackElo "1271"]
[BlackRD "178"]
[GameID "28794"]

1. e4 c6 2. d4 d5 3. Nc3 dxe4 4. Nxe4 Nf6 5. Nxf6+ exf6 6. Nf3 Bd6 7. Bc4 O-O 8. O-O Bg4 9. Re1 Qc7 10. h3 Bh5
11. g4 Bg6 12. Nh4 Nd7 13. Bd2 Rae8 14. Nxg6 hxg6 15. Qf3 Nb6 16. Bb3 Qd7 17. c4 Bb8 18. Bb4 Rxe1+ 19. Rxe1 Re8 20. Rxe8+ Qxe8
21. Qe3 Qc8 22. Qe7 Qc7 23. Qxc7 Bxc7 24. Kg2 f5 25. Kf3 fxg4+ 26. hxg4 g5 27. Bd2 a5 28. Bxa5 Na8 29. Bd2
1-0

[Event "Who's up for some Caro-Kann??"]
[Site "SchemingMind.com"]
[Date "2005.10.28"]
[Round "-"]
[White "doodledandy"]
[Black "Nestore"]
[Result "1-0"]
[WhiteCountry "CAN"]
[BlackCountry "ITA"]
[WhiteElo "2224"]
[WhiteRD "69"]
[BlackElo "1546"]
[BlackRD "170"]
[GameID "28795"]

1. e4 c6 2. d4 d5 3. Nc3 dxe4 4. Nxe4 Bf5 5. Ng3 Bg6 6. h4 Nf6 7. h5 Be4 8. Nxe4 Nxe4 9. c3 h6 10. Nf3 e6
11. Qb3 b6 12. Be3 Be7 13. O-O-O O-O 14. g4 Nd7 15. Qc2 Nef6 16. g5 Nd5 17. gxh6 gxh6 18. Bxh6 Re8 19. Rg1+ Kh8 20. Bg7+
1-0

[Event "Who's up for some Caro-Kann??"]
[Site "SchemingMind.com"]
[Date "2005.10.28"]
[Round "-"]
[White "doodledandy"]
[Black "Toivop"]
[Result "1-0"]
[WhiteCountry "CAN"]
[BlackCountry "EST"]
[WhiteElo "2224"]
[WhiteRD "69"]
[BlackElo "1838"]
[BlackRD "117"]
[GameID "28796"]

1. e4 c6 2. d4 d5 3. Nc3 dxe4 4. Nxe4 Bf5 5. Ng3 Bg6 6. h4 h6 7. Nf3 Nd7 8. h5 Bh7 9. Bd3 Bxd3 10. Qxd3 e6
11. Bf4 Ngf6 12. O-O-O Nd5 13. Bd2 Bd6 14. Ne4 Be7 15. Kb1 O-O 16. g4 a5 17. g5 Nb4 18. Bxb4 axb4 19. gxh6 Qa5 20. Rdg1 Qxa2+
21. Kc1 Rfd8 22. Rxg7+ Kf8 23. Rhg1 Bf6 24. Nxf6 Nxf6 25. Rxf7+
1-0

[Event "Who's up for some Caro-Kann??"]
[Site "SchemingMind.com"]
[Date "2005.10.29"]
[Round "-"]
[White "Gary"]
[Black "doodledandy"]
[Result "0-1"]
[WhiteCountry "ENG"]
[BlackCountry "CAN"]
[WhiteElo "1453"]
[WhiteRD "58"]
[BlackElo "2388"]
[BlackRD "68"]
[GameID "28797"]

1. e4 c6 2. d4 d5 3. Nc3 dxe4 4. Nxe4 Nd7 5. Nf3 Ngf6 6. Nxf6+ Nxf6 7. Bc4 Bf5 8. O-O e6 9. Bf4 Be7 10. Re1 Qb6
11. Bb3 O-O 12. c3 Rad8 13. Bc2 Nd5 14. Bg3 Qxb2 15. Bxf5 exf5 16. Qc1 Qxc1 17. Raxc1 f4 18. Rxe7 Nxe7 19. Bxf4 Rfe8 20. Rb1 b5
21. Ne5 f6 22. Nd3 Nd5 23. Bd2 Re2 24. Be1 Rxa2 25. Rb2 Rxb2 26. Nxb2 Re8 27. Kf1 a5 28. Nd3 a4 29. Nb4 Nxb4
0-1

[Event "Who's up for some Caro-Kann??"]
[Site "SchemingMind.com"]
[Date "2005.10.31"]
[Round "-"]
[White "Oskyrain"]
[Black "doodledandy"]
[Result "0-1"]
[WhiteCountry "ARG"]
[BlackCountry "CAN"]
[WhiteElo "2149"]
[WhiteRD "84"]
[BlackElo "2419"]
[BlackRD "72"]
[GameID "28798"]

1. e4 c6 2. d4 d5 3. e5 Bf5 4. Nf3 e6 5. Bd3 Ne7 6. O-O Bxd3 7. Qxd3 Nf5 8. b3 c5 9. dxc5 Bxc5 10. c4 Nc6
11. Bb2 Nb4 12. Qe2 dxc4 13. Rd1 Qb6 14. bxc4 Nc6 15. Rd2 O-O 16. Nc3 Rfd8 17. Rad1 Rxd2 18. Rxd2 Rd8 19. Rxd8+ Qxd8 20. Ne4 Nfd4
21. Bxd4 Bxd4 22. Qd1 Qb6 23. Nxd4 Nxd4 24. c5 Qb4 25. g3 Qc4 26. h4= h6 27. Qb1= b6 28. cxb6 axb6 29. Kg2 Qe2 30. a4 Kh8
31. Kh3 Nf3 32. Nd6 Nxe5 33. Kg2 Qf3+ 34. Kg1 Qc6 35. Qb4 Kg8 36. Ne4 Qc2 37. Nd6 Qxf2+ 38. Kxf2 Nd3+ 39. Ke3 Nxb4 40. Nc8 Nd5+
41. Kd4 g5 42. hxg5 hxg5 43. Ke5 Kf8 44. g4 f5 45. Nd6 fxg4 46. Ne4 Ke7 47. Nxg5 g3 48. Nh3 g2 49. Kd4 Nf4 50. Ng1 Kf6
51. Ke3 e5 52. Ke4 Ke6 53. Ke3 Kf5 54. Kf3 e4+
0-1

[Event "Who's up for some Caro-Kann??"]
[Site "SchemingMind.com"]
[Date "2005.10.29"]
[Round "-"]
[White "Aumonde"]
[Black "doodledandy"]
[Result "0-1"]
[WhiteCountry "USA"]
[BlackCountry "CAN"]
[WhiteElo "2145"]
[WhiteRD "64"]
[BlackElo "2301"]
[BlackRD "65"]
[GameID "28799"]

1. e4 c6 2. d4 d5 3. Nc3 dxe4 4. Nxe4 Nd7 5. Nf3 Ngf6 6. Bd3 Nxe4 7. Bxe4 Nf6 8. Bd3 Bg4 9. c3 e6 10. h3 Bh5
11. O-O Qc7 12. Bg5 O-O-O 13. Re1 Bd6 14. Qe2 Rhe8 15. Rad1 Kb8 16. g4 Bg6 17. Bxg6 hxg6 18. Ne5 Rc8 19. Qf3 Nh7 20. Bf4 Rh8
21. c4 Ka8 22. h4 Nf6 23. Bg3 Qe7 24. g5 Bxe5 25. Rxe5 Nh5 26. Bh2 f6 27. Re4 fxg5 28. Qe2 gxh4 29. Re1 h3 30. Qe3 Nf6
31. Rxe6 Qd7 32. Re7 Qg4+ 33. Bg3 Rcd8 34. Qb3 Rd7 35. d5 cxd5 36. cxd5 a6 37. d6 g5 38. Kh2 Qf5 39. Rxd7 Qxd7 40. f3 Qc6
41. Qc3 Qd5 42. Re7 g4 43. Rxg7 Qd1 44. Qe3 Re8 45. Re7 Rh8 46. d7 Nxd7 47. Bf2 Qd6+ 48. f4 g3+ 49. Bxg3 Nf6 50. Rg7 Re8
51. Qf3 Qd2+ 52. Kxh3 Rh8+ 53. Bh4 Nd5 54. Rf7 Ka7 55. Kg4 Ka8 56. Bf2 Qa5 57. Bh4 Qc5 58. Kg3= Rg8+ 59. Kh3 Qc8+ 60. f5 Qc6
61. Kh2 Qh6 62. Qf2 Qh5
0-1

[Event "Who's up for some Caro-Kann??"]
[Site "SchemingMind.com"]
[Date "2005.10.28"]
[Round "-"]
[White "paddyBosnian"]
[Black "doodledandy"]
[Result "0-1"]
[WhiteCountry "BIH"]
[BlackCountry "CAN"]
[WhiteElo "1823"]
[WhiteRD "77"]
[BlackElo "2224"]
[BlackRD "69"]
[GameID "28800"]

1. e4 c6 2. d4 d5 3. Nc3 dxe4 4. Nxe4 Nd7 5. Nf3 Ngf6 6. Nxf6+ Nxf6 7. Bc4 Bf5 8. Qe2 e6 9. Bg5 h6 10. Bxf6 Qxf6
11. O-O-O O-O-O 12. Ne5 Bd6 13. f4 Kb8 14. Qf3 h5 15. h3 g5 16. Rhf1 gxf4 17. Qxf4 Qg7 18. Rf2 f6 19. Nxc6+ bxc6 20. Qf3 Qg3
21. Qxc6 Qxf2 22. Ba6 Qe3+ 23. Kb1 Be4 24. Qb5+ Ka8
0-1

[Event "Who's up for some Caro-Kann??"]
[Site "SchemingMind.com"]
[Date "2005.10.28"]
[Round "-"]
[White "Louis Lima"]
[Black "doodledandy"]
[Result "0-1"]
[WhiteCountry "ESP"]
[BlackCountry "CAN"]
[WhiteElo "1717"]
[WhiteRD "56"]
[BlackElo "2301"]
[BlackRD "65"]
[GameID "28801"]

1. e4 c6 2. d4 d5 3. Nc3 dxe4 4. Nxe4 Nd7 5. Bc4 Ngf6 6. Ng5 e6 7. Qe2 Nb6 8. Bd3 h6 9. N5f3 c5 10. dxc5 Bxc5
11. Bd2 O-O 12. O-O-O Na4 13. Bb5 Bd7 14. Bxa4 Bxa4 15. Bxh6 Qa5 16. Bd2 Qb6 17. Be3 Rac8 18. Bxc5 Rxc5 19. Nd4 Rfc8 20. Rd2 e5
21. b3 exd4 22. bxa4 Nd5
0-1

[Event "Who's up for some Caro-Kann??"]
[Site "SchemingMind.com"]
[Date "2005.10.28"]
[Round "-"]
[White "mmilano"]
[Black "doodledandy"]
[Result "0-1"]
[WhiteCountry "VEN"]
[BlackCountry "CAN"]
[WhiteElo "1923"]
[WhiteRD "88"]
[BlackElo "2352"]
[BlackRD "64"]
[GameID "28802"]

1. e4 c6 2. d4 d5 3. exd5 cxd5 4. c4 Nf6 5. Nc3 e6 6. Nf3 Bb4 7. Bd3 dxc4 8. Bxc4 O-O 9. O-O a6 10. a3 b5
11. Ba2 Bxc3 12. bxc3 Qc7 13. Bd2 Bb7 14. a4 Ne4 15. Rc1 Nd7 16. Bb1 Nxd2 17. Nxd2 Nf6 18. Qb3 Qf4 19. Qc2 bxa4 20. Nc4 Bxg2
21. Kxg2 Qg5+ 22. Kh1 Qd5+ 23. f3 Qxc4 24. Rg1 Rab8 25. Rg3 a3 26. Rcg1 g6 27. Qd2 Rfc8 28. Qh6 Rxb1 29. Rxb1 Qxc3 30. Qf4 Nh5
0-1

[Event "Who's up for some Caro-Kann??"]
[Site "SchemingMind.com"]
[Date "2005.10.28"]
[Round "-"]
[White "carosoko"]
[Black "doodledandy"]
[Result "0-1"]
[WhiteCountry "BEL"]
[BlackCountry "CAN"]
[WhiteElo "1271"]
[WhiteRD "178"]
[BlackElo "2352"]
[BlackRD "64"]
[GameID "28803"]

1. e4 c6 2. d4 d5 3. Nd2 dxe4 4. Nxe4 Nd7 5. Ng5 Ngf6 6. Bd3 e6 7. N1f3 Bd6 8. Qe2 h6 9. Ne4 Nxe4 10. Qxe4 Nf6
11. Qe2 O-O 12. Bd2 Qb6 13. O-O-O a5 14. Kb1 Rd8 15. Ka1 c5 16. Ne5 cxd4 17. Nc4 Qc7 18. Nxd6 Qxd6 19. g4 e5 20. g5 hxg5
21. h4 g4 22. h5 e4 23. Bc4 Qc5 24. Bb3 a4 25. Qc4 Rd5 26. Qxc5 Rxc5 27. Bxf7+ Kxf7 28. Bb4 Rxc2
0-1

[Event "Who's up for some Caro-Kann??"]
[Site "SchemingMind.com"]
[Date "2005.11.08"]
[Round "-"]
[White "Nestore"]
[Black "doodledandy"]
[Result "0-1"]
[WhiteCountry "ITA"]
[BlackCountry "CAN"]
[WhiteElo "1546"]
[WhiteRD "170"]
[BlackElo "2224"]
[BlackRD "69"]
[GameID "28804"]

1. e4 c6 2. d4 d5 3. exd5 cxd5 4. c4 Nf6 5. Nc3 e6 6. cxd5 Nxd5 7. Nxd5 exd5 8. Nf3 Nc6 9. Bb5 Qa5+ 10. Bd2 Qxb5
11. Qe2+ Qxe2+ 12. Kxe2 Bd6 13. Rhe1 Bf5 14. Kf1+ Kd7 15. Rac1 f6 16. Kg1 Rhe8 17. Bc3 Rxe1+ 18. Rxe1 Re8 19. Rxe8 Kxe8 20. a3 a5
21. h3 Kd7 22. g4 Be4 23. Nd2 Bc2 24. Nf3 b5
0-1

[Event "Who's up for some Caro-Kann??"]
[Site "SchemingMind.com"]
[Date "2005.10.28"]
[Round "-"]
[White "Toivop"]
[Black "doodledandy"]
[Result "0-1"]
[WhiteCountry "EST"]
[BlackCountry "CAN"]
[WhiteElo "1838"]
[WhiteRD "117"]
[BlackElo "2224"]
[BlackRD "69"]
[GameID "28805"]

1. e4 c6 2. d4 d5 3. Nc3 dxe4 4. Nxe4 Nd7 5. Ng5 Ngf6 6. Bd3 e6 7. N1f3 Bd6 8. Qe2 h6 9. Ne4 Nxe4 10. Bxe4 Qc7
11. O-O b6 12. Re1 Bb7 13. a4 O-O 14. Bd2 Nf6 15. Bd3 c5 16. dxc5 bxc5 17. Ne5 c4 18. Nxc4 Bxh2+ 19. Kh1 Qc6 20. Qf1 Bc7
21. Bc3 Qc5 22. Ne5 Nd5 23. Be4 Nxc3 24. Bxb7 Bxe5 25. Bxa8 Rxa8 26. Qd3 Bf6 27. bxc3 Bxc3 28. Qe4 Rc8 29. Rac1 Bxe1 30. Qxe1 Qd4
31. c3 Qxa4 32. Qe5 a5 33. Kg1 Qa3 34. Qe1 Qb2 35. Ra1 Rxc3 36. Rb1 Qa3 37. Qd2 a4 38. Qf4 Rc8 39. g3 Qd3 40. Rb7 Qd1+
41. Kh2 Qh5+
0-1